Eastern Utah Libraries Catalog: Duchesne, Heber, Roosevelt, & Vernal

An Old-fashioned Thanksgiving / (Record no. 261766)

MARC details
000 -LEADER
fixed length control field 01814nam a2200445 a 4500
001 - CONTROL NUMBER
control field ocm56559541
003 - CONTROL NUMBER IDENTIFIER
control field OCoLC
005 - DATE AND TIME OF LATEST TRANSACTION
control field 20200320180902.0
008 - FIXED-LENGTH DATA ELEMENTS--GENERAL INFORMATION
fixed length control field 040920s2005 nyua j 000 1 eng
010 ## - LIBRARY OF CONGRESS CONTROL NUMBER
LC control number 2004022103
020 ## - INTERNATIONAL STANDARD BOOK NUMBER
International Standard Book Number 0060004509
020 ## - INTERNATIONAL STANDARD BOOK NUMBER
International Standard Book Number 0060004517 (lib. bdg.)
020 ## - INTERNATIONAL STANDARD BOOK NUMBER
Terms of availability 15.99
040 ## - CATALOGING SOURCE
Original cataloging agency DLC
Transcribing agency DLC
Modifying agency IG#
-- BAKER
-- VP@
-- WACOL
042 ## - AUTHENTICATION CODE
Authentication code lcac
043 ## - GEOGRAPHIC AREA CODE
Geographic area code n-usn--
049 ## - LOCAL HOLDINGS (OCLC)
Holding library WACL
050 00 - LIBRARY OF CONGRESS CALL NUMBER
Classification number PZ7.A335
Item number Om 2005
082 00 - DEWEY DECIMAL CLASSIFICATION NUMBER
Classification number [E]
Edition number 22
092 ## - LOCALLY ASSIGNED DEWEY CALL NUMBER (OCLC)
Classification number E
Item number Alc
100 1# - MAIN ENTRY--PERSONAL NAME
Personal name Alcott, Louisa May,
Dates associated with a name 1832-1888.
9 (RLIN) 5830836
245 13 - TITLE STATEMENT
Title An Old-fashioned Thanksgiving /
Statement of responsibility, etc Louisa May Alcott ; illustrated by James Bernardin.
250 ## - EDITION STATEMENT
Edition statement 1st ed.
260 ## - PUBLICATION, DISTRIBUTION, ETC. (IMPRINT)
Place of publication, distribution, etc New York :
Name of publisher, distributor, etc HarperCollinsPublishers,
Date of publication, distribution, etc c2005.
300 ## - PHYSICAL DESCRIPTION
Extent 1 v. (unpaged) :
Other physical details col. ill. ;
Dimensions 29 cm.
521 1# - TARGET AUDIENCE NOTE
Target audience note Ages 4-8.
500 ## - GENERAL NOTE
General note "Recipe for Louisa May Alcott's Apple Slump on page [32] printed by permission of Orchard House, Concord, Massachusetts, www.louisamayalcott.org."
520 ## - SUMMARY, ETC.
Summary, etc This adaptation of the original story follows the activities of seven in children nineteenth-century New England as they prepare for the Thanksgiving holiday while Mother is away caring for Grandmother.
650 #1 - SUBJECT ADDED ENTRY--TOPICAL TERM
Topical term or geographic name as entry element Family life
Form subdivision Fiction.
9 (RLIN) 5674038
650 #1 - SUBJECT ADDED ENTRY--TOPICAL TERM
Topical term or geographic name as entry element Thanksgiving Day
Form subdivision Fiction.
9 (RLIN) 5693307
651 #1 - SUBJECT ADDED ENTRY--GEOGRAPHIC NAME
Geographic name New England
Form subdivision Fiction.
9 (RLIN) 5708215
700 1# - ADDED ENTRY--PERSONAL NAME
Personal name Bernardin, James,
Relator term ill.
9 (RLIN) 36820
938 ## -
-- Ingram
-- INGR
-- 0060004509
938 ## -
-- Baker & Taylor
-- BKTY
-- 15.99
-- 11.99
-- 0060004509
-- 0006118382
-- active
938 ## -
-- Baker & Taylor
-- BKTY
-- 16.89
-- 16.89
-- 0060004517
-- 0006118383
-- active
942 ## - ADDED ENTRY ELEMENTS (KOHA)
Koha item type BOOK
948 ## - LOCAL PROCESSING INFORMATION (OCLC); SERIES PART DESIGNATOR (RLIN)
Series part designator, SPT (RLIN) 11/18/2005
b (OCLC) 10/25/2006
z (OCLC) Sirsi
994 ## -
-- 02
-- WACOL
996 ## -
-- 44447
-- 34301000494114
-- e
-- bk
-- wcl
-- i
-- 62
-- 15.99
-- Amazon.com
-- Alc
-- 11/18/2005
-- 12/30/2019
-- 12/09/2019
Holdings
Withdrawn status Lost status Source of classification or shelving scheme Damaged status Not for loan Collection code Home library Current library Shelving location Date acquired Source of acquisition Total Checkouts Total Renewals Full call number Barcode Date last seen Date checked out Cost, replacement price Price effective from Koha item type
    Dewey Decimal Classification     Children Holiday Books Wasatch County Library Wasatch County Library Main Floor Childrens Area 04/22/2024 Amazon 3 2 E Thanksgiving Alcott 34301002073023 12/02/2025 11/15/2025 23.44 04/22/2024 BOOK
This project was made possible through a grant from the Institute of Museum and Library Service administered by the Utah State Library Division.

Wasatch County Library

  • 465 East 1200 South, Heber City, Utah 84032
  • Phone 435-654-1511 | Fax 435-654-6456

Hours

  • Monday - Friday 9:30 AM - 8:00 PM
  • Saturday 9:30 AM - 1:30 PM
  • Closed Sundays and Holidays